Magic in the middle ages
Αποθηκεύτηκε σε:
| Κύριος συγγραφέας: | |
|---|---|
| Μορφή: | Βιβλίο |
| Γλώσσα: | English |
| Δημοσίευση: |
Cambridge :
Cambridge University Press,
[2000].
|
| Σειρά: | Canto
|
| Θέματα: | |
| Ετικέτες: |
Προσθήκη ετικέτας
Δεν υπάρχουν, Καταχωρήστε ετικέτα πρώτοι!
|
MARC
| LEADER | 00000cam a2200000 i 4500 | ||
|---|---|---|---|
| 001 | 1/53045 | ||
| 008 | 070829s2000 enk| ||| |||| ||eng|| | ||
| 020 | |a 0521785766 | ||
| 035 | |l 10090176 | ||
| 040 | |a GR-MyUA |b gre |e AACR2 | ||
| 041 | 0 | |a eng | |
| 082 | 0 | |a 133.43 |2 (22) | |
| 100 | 1 | |a Kieckhefer, Richard. | |
| 245 | 1 | 0 | |a Magic in the middle ages / |c Richard Kieckhefer. |
| 260 | |a Cambridge : |b Cambridge University Press, |c [2000]. | ||
| 300 | |a 219 σ. : |b εικ. ; |c 22 εκ. | ||
| 490 | 1 | |a (Canto) | |
| 504 | |a Περιλαμβάνει βιβλιογραφίες και ευρετήριο. | ||
| 650 | 0 | 0 | |a Magic. |
| 650 | 0 | 0 | |a Magic |z Europe |x History. |
| 650 | 0 | 0 | |a Civilization, Medieval. |
| 767 | 0 | 8 | |i Μεταφρασμένο ως: |t Η μαγεία στο μεσαίωνα / |
| 767 | 0 | 8 | |i Μεταφρασμένο ως: |t Η μαγεία στο μεσαίωνα / |
| 830 | 0 | |a Canto | |
| 852 | |a INST |b RHODES |e 20070829 |h 133.43 KIE |p 005400026041 |q 005400026041 |t BK |y 0 | ||
| 901 | |a BIBL4-2007-2 | ||
| 909 | |a Ρ |b 138029 | ||
| 922 | |a 4ΕΛΗ |b 200707 |c ΕΠΕΑΕΚ2/ΤΜΣ |d ΕΛΕΥΘΕΡΟΥΔΑΚΗΣ | ||
| 970 | |a ΧΑΡΙΟΠΟΛΙΤΟΥ |b ΚΩΝΣΤΑΝΤΙΝΑ |z 2007/08/29 | ||